[Event "Team Championship of Russia (rapid)"]
[Site "Sochi"]
[Date "2015.05.08"]
[Round "2.9"]
[White "Chigaev, Maksim"]
[Black "Malakhov, Vladimir"]
[Result "1-0"]
[LiveChessVersion "1.4.4"]
[BlackElo "2729"]
[WhiteElo "2562"]
[BlackTeam "Malachite"]

1. f4 {[%clk 0:15:18]} d5 {[%clk 0:15:07]} 2. Nf3 {[%clk 0:15:25]} g6
{[%clk 0:15:14]} 3. g3 {[%clk 0:15:32]} Bg7 {[%clk 0:15:23]} 4. Bg2
{[%clk 0:15:40]} Nf6 {[%clk 0:15:25]} 5. O-O {[%clk 0:15:48]} O-O
{[%clk 0:15:33]} 6. d3 {[%clk 0:15:56]} c5 {[%clk 0:15:24]} 7. Qe1
{[%clk 0:15:52]} d4 {[%clk 0:14:59]} 8. Na3 {[%clk 0:15:59]} Nd5 {[%clk 0:14:48]}
9. Bd2 {[%clk 0:16:05]} Nc6 {[%clk 0:14:53]} 10. c3 {[%clk 0:16:10]} dxc3
{[%clk 0:14:34]} 11. bxc3 {[%clk 0:16:17]} b6 {[%clk 0:14:38]} 12. Rc1
{[%clk 0:15:18]} Bb7 {[%clk 0:14:41]} 13. Qf2 {[%clk 0:14:58]} Qd7
{[%clk 0:13:59]} 14. Nc4 {[%clk 0:14:47]} Rad8 {[%clk 0:13:59]} 15. h3
{[%clk 0:14:37]} Ba6 {[%clk 0:12:45]} 16. Nce5 {[%clk 0:14:19]} Nxe5
{[%clk 0:12:46]} 17. Nxe5 {[%clk 0:14:25]} Qc7 {[%clk 0:12:09]} 18. c4
{[%clk 0:14:13]} Nf6 {[%clk 0:12:14]} 19. Bc3 {[%clk 0:14:09]} Nd7
{[%clk 0:11:45]} 20. Ng4 {[%clk 0:13:21]} Bb7 {[%clk 0:11:36]} 21. Bxg7
{[%clk 0:12:55]} Kxg7 {[%clk 0:11:45]} 22. Bxb7 {[%clk 0:12:54]} Qxb7
{[%clk 0:11:54]} 23. f5 {[%clk 0:13:02]} Nf6 {[%clk 0:11:28]} 24. Ne3
{[%clk 0:12:44]} Qd7 {[%clk 0:11:17]} 25. Qf4 {[%clk 0:12:39]} Qd6
{[%clk 0:08:44]} 26. g4 {[%clk 0:12:16]} Qxf4 {[%clk 0:08:18]} 27. Rxf4
{[%clk 0:12:23]} e5 {[%clk 0:07:38]} 28. fxe6 {[%clk 0:12:17]} fxe6
{[%clk 0:07:47]} 29. Rcf1 {[%clk 0:12:21]} g5 {[%clk 0:07:12]} 30. R4f3
{[%clk 0:12:18]} Nd7 {[%clk 0:07:21]} 31. Rxf8 {[%clk 0:11:27]} Nxf8
{[%clk 0:07:29]} 32. a4 {[%clk 0:11:20]} Ng6 {[%clk 0:07:37]} 33. Ng2
{[%clk 0:11:28]} e5 {[%clk 0:06:12]} 34. Rf5 {[%clk 0:09:46]} h6 {[%clk 0:06:19]}
35. Ne3 {[%clk 0:09:49]} Nf4 {[%clk 0:05:55]} 36. Kf1 {[%clk 0:09:50]} e4
{[%clk 0:05:09]} 37. dxe4 {[%clk 0:09:56]} Re8 {[%clk 0:05:17]} 38. e5
{[%clk 0:09:17]} Ng6 {[%clk 0:05:21]} 39. Rf3 {[%clk 0:09:09]} Rxe5
{[%clk 0:05:17]} 40. Nf5+ {[%clk 0:09:17]} Kh7 {[%clk 0:05:26]} 41. Rd3
{[%clk 0:09:24]} Re4 {[%clk 0:04:23]} 42. Rd7+ {[%clk 0:09:19]} Kh8
{[%clk 0:04:33]} 43. Rxa7 {[%clk 0:09:13]} Rxc4 {[%clk 0:04:35]} 44. Ra6
{[%clk 0:09:10]} Ne5 {[%clk 0:02:25]} 45. Rxb6 {[%clk 0:09:09]} Rxa4
{[%clk 0:02:34]} 46. Rxh6+ {[%clk 0:08:57]} Kg8 {[%clk 0:02:44]} 47. Re6
{[%clk 0:09:00]} Rf4+ {[%clk 0:02:23]} 48. Kg2 {[%clk 0:07:28]} Nf7
{[%clk 0:02:32]} 49. Re8+ {[%clk 0:07:12]} Kh7 {[%clk 0:02:41]} 50. Re7
{[%clk 0:07:14]} Kg8 {[%clk 0:02:48]} 51. Rc7 {[%clk 0:07:19]} Ra4
{[%clk 0:02:15]} 52. Rxc5 {[%clk 0:07:22]} Ra2 {[%clk 0:02:23]} 53. Rc8+
{[%clk 0:07:16]} Kh7 {[%clk 0:02:32]} 54. Rc7 {[%clk 0:07:21]} Kg6
{[%clk 0:02:38]} 55. Rc6+ {[%clk 0:07:21]} Kh7 {[%clk 0:02:47]} 56. Re6
{[%clk 0:07:29]} Nd8 {[%clk 0:02:48]} 57. Rh6+ {[%clk 0:07:17]} Kg8
{[%clk 0:02:58]} 58. Kf2 {[%clk 0:07:25]} Kf7 {[%clk 0:03:02]} 59. Nd4
{[%clk 0:07:13]} Ra3 {[%clk 0:03:01]} 60. e3 {[%clk 0:06:51]} Ra2+
{[%clk 0:02:59]} 61. Kf3 {[%clk 0:06:56]} Rh2 {[%clk 0:03:08]} 62. Kg3
{[%clk 0:06:52]} Ra2 {[%clk 0:03:17]} 63. Rh7+ {[%clk 0:06:32]} Kf6
{[%clk 0:03:22]} 64. Rh6+ {[%clk 0:06:26]} Kf7 {[%clk 0:03:31]} 65. Rd6
{[%clk 0:06:34]} Ke7 {[%clk 0:03:32]} 66. Rxd8 {[%clk 0:05:36]} Kxd8
{[%clk 0:03:39]} 67. Ne6+ {[%clk 0:05:44]} Ke7 {[%clk 0:03:44]} 68. Nxg5
{[%clk 0:05:52]} Kf6 {[%clk 0:03:44]} 69. Kf4 {[%clk 0:05:01]} Rh2
{[%clk 0:03:43]} 70. Ne4+ {[%clk 0:05:07]} Ke6 {[%clk 0:03:33]} 71. Kg3
{[%clk 0:05:07]} Rh1 {[%clk 0:03:30]} 72. h4 {[%clk 0:04:12]} Ra1
{[%clk 0:02:32]} 73. h5 {[%clk 0:03:52]} Ke5 {[%clk 0:02:41]} 74. Nf2
{[%clk 0:03:17]} Ra4 {[%clk 0:02:50]} 75. Kf3 {[%clk 0:03:14]} Rc4
{[%clk 0:02:46]} 76. Nh3 {[%clk 0:02:46]} Ra4 {[%clk 0:02:48]} 77. g5
{[%clk 0:02:32]} Kf5 {[%clk 0:02:19]} 78. g6 {[%clk 0:02:32]} Kf6
{[%clk 0:02:28]} 79. Nf4 {[%clk 0:02:31]} Kg7 {[%clk 0:02:18]} 80. e4
{[%clk 0:02:24]} Ra5 {[%clk 0:02:22]} 81. Ne6+ {[%clk 0:01:41]} Kf6
{[%clk 0:01:59]} 82. Nf4 {[%clk 0:01:16]} Kg7 {[%clk 0:01:17]} 83. Nd5
{[%clk 0:01:24]} Ra1 {[%clk 0:01:24]} 84. Kg4 {[%clk 0:01:16]} Kh6
{[%clk 0:01:24]} 85. Kf5 {[%clk 0:01:06]} Rg1 {[%clk 0:00:56]} 86. Nf6
{[%clk 0:00:59]} Rg5+ {[%clk 0:00:38]} 87. Kf4 {[%clk 0:00:32]} Rg1
{[%clk 0:00:37]} 88. e5 {[%clk 0:00:39]} Rf1+ {[%clk 0:00:42]} 89. Ke4
{[%clk 0:00:45]} Re1+ {[%clk 0:00:34]} 90. Kd5 {[%clk 0:00:33]} Kg7
{[%clk 0:00:42]} 91. Ke6 {[%clk 0:00:38]} Rg1 {[%clk 0:00:46]} 92. Ne8+
{[%clk 0:00:31]} Kf8 {[%clk 0:00:54]} 93. g7+ {[%clk 0:00:19]} Kxe8
{[%clk 0:00:50]} 94. h6 {[%clk 0:00:28]} Rg6+ {[%clk 0:00:40]} 95. Kf5
{[%clk 0:00:36]} Kf7 {[%clk 0:00:50]} 96. h7 {[%clk 0:00:45]} 1-0

[Event "Team Championship of Russia (rapid)"]
[Site "Sochi"]
[Date "2015.05.08"]
[Round "2.10"]
[White "Lysyj, Igor"]
[Black "Levin, Evgeny A."]
[Result "1-0"]
[LiveChessVersion "1.4.4"]
[BlackElo "2609"]
[WhiteElo "2647"]
[WhiteTeam "Malachite"]

1. d4 {[%clk 0:15:18]} Nf6 {[%clk 0:15:18]} 2. c4 {[%clk 0:15:27]} e6
{[%clk 0:15:25]} 3. Nf3 {[%clk 0:15:36]} b6 {[%clk 0:15:24]} 4. g3
{[%clk 0:15:45]} Bb7 {[%clk 0:15:32]} 5. Bg2 {[%clk 0:15:52]} Be7
{[%clk 0:15:39]} 6. Nc3 {[%clk 0:16:00]} Ne4 {[%clk 0:15:47]} 7. Bd2
{[%clk 0:16:08]} Bf6 {[%clk 0:15:55]} 8. O-O {[%clk 0:16:16]} O-O
{[%clk 0:16:01]} 9. Rc1 {[%clk 0:16:24]} Nxd2 {[%clk 0:15:49]} 10. Qxd2
{[%clk 0:16:32]} d6 {[%clk 0:15:55]} 11. d5 {[%clk 0:16:36]} Bxc3
{[%clk 0:14:54]} 12. Qxc3 {[%clk 0:14:43]} e5 {[%clk 0:14:52]} 13. Nd2
{[%clk 0:14:47]} Nd7 {[%clk 0:13:56]} 14. b4 {[%clk 0:14:35]} a5 {[%clk 0:14:01]}
15. a3 {[%clk 0:14:43]} Qe7 {[%clk 0:12:01]} 16. Nb3 {[%clk 0:14:45]} axb4
{[%clk 0:11:37]} 17. axb4 {[%clk 0:14:53]} Ra2 {[%clk 0:10:25]} 18. Ra1
{[%clk 0:14:36]} Rfa8 {[%clk 0:09:50]} 19. Rxa2 {[%clk 0:14:30]} Rxa2
{[%clk 0:09:58]} 20. Ra1 {[%clk 0:14:37]} Rxa1+ {[%clk 0:10:04]} 21. Qxa1
{[%clk 0:14:45]} Qd8 {[%clk 0:09:32]} 22. e4 {[%clk 0:11:13]} Qa8
{[%clk 0:08:58]} 23. Qxa8+ {[%clk 0:11:20]} Bxa8 {[%clk 0:09:07]} 24. Bh3
{[%clk 0:10:41]} Nf6 {[%clk 0:08:38]} 25. f3 {[%clk 0:10:50]} Bb7
{[%clk 0:08:24]} 26. Kf2 {[%clk 0:10:53]} Ba6 {[%clk 0:07:42]} 27. Bf1
{[%clk 0:10:57]} Bc8 {[%clk 0:07:35]} 28. c5 {[%clk 0:10:22]} bxc5
{[%clk 0:07:43]} 29. bxc5 {[%clk 0:10:30]} dxc5 {[%clk 0:05:06]} 30. Nxc5
{[%clk 0:10:39]} Ne8 {[%clk 0:04:32]} 31. f4 {[%clk 0:10:37]} f6 {[%clk 0:04:26]}
32. Ba6 {[%clk 0:08:20]} Bxa6 {[%clk 0:04:19]} 33. Nxa6 {[%clk 0:08:29]} Kf7
{[%clk 0:04:05]} 34. Nc5 {[%clk 0:06:02]} Ke7 {[%clk 0:03:47]} 35. f5
{[%clk 0:06:11]} c6 {[%clk 0:02:48]} 36. dxc6 {[%clk 0:06:08]} Kd6
{[%clk 0:02:57]} 37. Ne6 {[%clk 0:06:04]} Kxc6 {[%clk 0:03:05]} 38. Nf8
{[%clk 0:06:13]} h6 {[%clk 0:03:14]} 39. Ke3 {[%clk 0:06:12]} Kd6
{[%clk 0:03:21]} 40. Kd3 {[%clk 0:05:47]} Ke7 {[%clk 0:03:30]} 41. Ng6+
{[%clk 0:05:43]} Kd6 {[%clk 0:03:26]} 42. Kc4 {[%clk 0:05:43]} Kc6
{[%clk 0:03:29]} 43. Nf8 {[%clk 0:05:43]} Nd6+ {[%clk 0:03:36]} 44. Kd3
{[%clk 0:05:50]} Ne8 {[%clk 0:03:40]} 45. g4 {[%clk 0:05:52]} Kd6
{[%clk 0:03:40]} 46. Kc4 {[%clk 0:05:18]} Kc6 {[%clk 0:03:48]} 47. Kd3
{[%clk 0:04:37]} Kd6 {[%clk 0:03:57]} 48. Kc4 {[%clk 0:03:33]} Kc6
{[%clk 0:04:05]} 49. h4 {[%clk 0:03:32]} Nd6+ {[%clk 0:04:12]} 50. Kd3
{[%clk 0:03:40]} Ne8 {[%clk 0:04:20]} 51. Ne6 {[%clk 0:03:25]} Kd6
{[%clk 0:04:25]} 52. Kc4 {[%clk 0:03:25]} Kc6 {[%clk 0:04:33]} 53. Kc3
{[%clk 0:03:06]} Kd6 {[%clk 0:04:22]} 54. Kd3 {[%clk 0:03:14]} Kc6
{[%clk 0:04:28]} 55. g5 {[%clk 0:03:16]} hxg5 {[%clk 0:04:35]} 56. h5
{[%clk 0:02:13]} Nd6 {[%clk 0:04:36]} 57. Nxg7 {[%clk 0:02:20]} Kd7
{[%clk 0:04:24]} 58. h6 {[%clk 0:02:25]} Nf7 {[%clk 0:04:33]} 59. h7
{[%clk 0:02:28]} Ke7 {[%clk 0:04:31]} 60. Ke3 {[%clk 0:01:15]} Nh8
{[%clk 0:03:54]} 61. Kf3 {[%clk 0:01:13]} Kf7 {[%clk 0:04:02]} 62. Ne6
{[%clk 0:01:17]} Ke7 {[%clk 0:04:10]} 63. Kg4 {[%clk 0:01:05]} Kf7
{[%clk 0:04:18]} 64. Kh5 {[%clk 0:01:12]} Ke7 {[%clk 0:04:13]} 65. Kh6
{[%clk 0:01:08]} g4 {[%clk 0:04:21]} 66. Nc7 {[%clk 0:01:16]} g3 {[%clk 0:04:10]}
67. Nd5+ {[%clk 0:01:25]} Kf7 {[%clk 0:04:02]} 68. Ne3 {[%clk 0:01:33]} Kf8
{[%clk 0:04:08]} 69. Ng2 {[%clk 0:01:41]} Kf7 {[%clk 0:03:54]} 70. Nh4
{[%clk 0:01:49]} 1-0

[Event "Team Championship of Russia (rapid)"]
[Site "Sochi"]
[Date "2015.05.08"]
[Round "2.11"]
[White "Usmanov, Vasily"]
[Black "Motylev, Alexander"]
[Result "1/2-1/2"]
[LiveChessVersion "1.4.4"]
[BlackElo "2431"]
[WhiteElo "2526"]
[BlackTeam "Malachite"]

1. c4 {[%clk 0:15:16]} c6 {[%clk 0:15:18]} 2. e4 {[%clk 0:15:24]} d5
{[%clk 0:15:26]} 3. cxd5 {[%clk 0:15:33]} cxd5 {[%clk 0:15:35]} 4. exd5
{[%clk 0:15:41]} Nf6 {[%clk 0:15:44]} 5. Qa4+ {[%clk 0:15:47]} Nbd7
{[%clk 0:15:47]} 6. Bc4 {[%clk 0:15:52]} g6 {[%clk 0:15:56]} 7. Nc3
{[%clk 0:16:00]} Bg7 {[%clk 0:16:05]} 8. Nf3 {[%clk 0:16:08]} a6 {[%clk 0:16:08]}
9. d3 {[%clk 0:16:08]} O-O {[%clk 0:16:07]} 10. Qa3 {[%clk 0:16:11]} Ng4
{[%clk 0:15:37]} 11. Bg5 {[%clk 0:14:57]} Bf6 {[%clk 0:15:44]} 12. Bxf6
{[%clk 0:14:35]} exf6 {[%clk 0:15:52]} 13. O-O {[%clk 0:14:40]} Nde5
{[%clk 0:16:00]} 14. Nxe5 {[%clk 0:13:37]} Nxe5 {[%clk 0:16:08]} 15. d6
{[%clk 0:13:24]} Kg7 {[%clk 0:15:20]} 16. Nd5 {[%clk 0:11:36]} Rb8
{[%clk 0:15:26]} 17. f4 {[%clk 0:10:27]} Nd7 {[%clk 0:14:37]} 18. Qc3
{[%clk 0:08:28]} b5 {[%clk 0:14:27]} 19. Bb3 {[%clk 0:08:37]} Bb7
{[%clk 0:14:33]} 20. Qd4 {[%clk 0:08:34]} Bxd5 {[%clk 0:13:57]} 21. Qxd5
{[%clk 0:08:28]} Nb6 {[%clk 0:13:27]} 22. Qd4 {[%clk 0:08:16]} Nc8
{[%clk 0:13:35]} 23. Rac1 {[%clk 0:08:09]} Qxd6 {[%clk 0:13:07]} 24. Qxd6
{[%clk 0:08:18]} Nxd6 {[%clk 0:13:16]} 25. Rc6 {[%clk 0:08:26]} Rfd8
{[%clk 0:13:24]} 26. Rxa6 {[%clk 0:08:17]} Rd7 {[%clk 0:13:34]} 27. g4
{[%clk 0:07:53]} Rh8 {[%clk 0:09:35]} 28. Kg2 {[%clk 0:05:29]} h5
{[%clk 0:09:43]} 29. h3 {[%clk 0:05:38]} hxg4 {[%clk 0:07:37]} 30. hxg4
{[%clk 0:05:47]} Rh4 {[%clk 0:07:43]} 31. Kg3 {[%clk 0:05:54]} g5
{[%clk 0:07:51]} 32. f5 {[%clk 0:04:12]} Nb7 {[%clk 0:07:43]} 33. Ra7
{[%clk 0:04:20]} Rxd3+ {[%clk 0:06:43]} 34. Rf3 {[%clk 0:04:29]} Rd2
{[%clk 0:03:58]} 35. Rxb7 {[%clk 0:03:19]} Rdh2 {[%clk 0:03:59]} 36. Rxf7+
{[%clk 0:03:25]} Kh8 {[%clk 0:04:08]} 37. Rf8+ {[%clk 0:03:21]} Kg7
{[%clk 0:04:18]} 38. Rf7+ {[%clk 0:03:27]} Kh8 {[%clk 0:04:27]} 39. Rf8+ 1/2-1/2

[Event "Team Championship of Russia (rapid)"]
[Site "Sochi"]
[Date "2015.05.08"]
[Round "2.12"]
[White "Khismatullin, Denis"]
[Black "Palchun, Grigory"]
[Result "0-1"]
[LiveChessVersion "1.4.4"]
[BlackElo "2330"]
[WhiteElo "2611"]

1. d4 {[%clk 0:15:19]} Nf6 {[%clk 0:15:20]} 2. c4 {[%clk 0:15:28]} e6
{[%clk 0:15:29]} 3. Nc3 {[%clk 0:15:37]} Bb4 {[%clk 0:15:38]} 4. Nf3
{[%clk 0:15:38]} Bxc3+ {[%clk 0:15:36]} 5. bxc3 {[%clk 0:15:46]} b6
{[%clk 0:15:45]} 6. Bg5 {[%clk 0:15:45]} Bb7 {[%clk 0:15:54]} 7. Nd2
{[%clk 0:15:46]} h6 {[%clk 0:15:54]} 8. Bh4 {[%clk 0:15:54]} d6 {[%clk 0:16:00]}
9. f3 {[%clk 0:15:58]} Nbd7 {[%clk 0:16:07]} 10. e4 {[%clk 0:16:06]} e5
{[%clk 0:15:59]} 11. Bd3 {[%clk 0:16:11]} O-O {[%clk 0:15:29]} 12. O-O
{[%clk 0:15:40]} Re8 {[%clk 0:15:24]} 13. Re1 {[%clk 0:15:29]} Nf8
{[%clk 0:15:27]} 14. Bf2 {[%clk 0:15:21]} Ne6 {[%clk 0:15:09]} 15. Bf1
{[%clk 0:14:43]} Qd7 {[%clk 0:14:55]} 16. Nb1 {[%clk 0:14:08]} Nf4
{[%clk 0:14:42]} 17. Na3 {[%clk 0:14:04]} Kh8 {[%clk 0:13:25]} 18. Nc2
{[%clk 0:14:10]} Qe6 {[%clk 0:11:11]} 19. Ne3 {[%clk 0:14:07]} g5
{[%clk 0:11:09]} 20. Qd2 {[%clk 0:14:02]} Rg8 {[%clk 0:10:49]} 21. Nf5
{[%clk 0:13:35]} g4 {[%clk 0:09:47]} 22. d5 {[%clk 0:12:36]} Qd7 {[%clk 0:08:34]}
23. Bh4 {[%clk 0:08:49]} Nh7 {[%clk 0:06:55]} 24. Re3 {[%clk 0:05:00]} h5
{[%clk 0:06:01]} 25. Kh1 {[%clk 0:04:28]} Ng6 {[%clk 0:05:26]} 26. Bf2
{[%clk 0:04:09]} Qd8 {[%clk 0:04:14]} 27. fxg4 {[%clk 0:03:46]} hxg4
{[%clk 0:04:23]} 28. Rg3 {[%clk 0:02:09]} Nf4 {[%clk 0:03:48]} 29. Nh6
{[%clk 0:02:16]} Rg7 {[%clk 0:03:11]} 30. Rxg4 {[%clk 0:02:21]} Qf6
{[%clk 0:02:56]} 31. Rxg7 {[%clk 0:02:27]} Qxg7 {[%clk 0:03:02]} 32. Nf5
{[%clk 0:02:34]} Qg4 {[%clk 0:02:55]} 33. Qd1 {[%clk 0:01:39]} Qg6
{[%clk 0:02:16]} 34. Be3 {[%clk 0:01:21]} Bc8 {[%clk 0:01:28]} 35. Bxf4
{[%clk 0:01:03]} exf4 {[%clk 0:01:37]} 36. Qd4+ {[%clk 0:01:05]} f6
{[%clk 0:01:33]} 37. Bd3 {[%clk 0:00:59]} Bxf5 {[%clk 0:00:53]} 38. exf5
{[%clk 0:01:08]} Qg5 {[%clk 0:01:03]} 39. Re1 {[%clk 0:01:07]} Rg8
{[%clk 0:01:02]} 40. Qf2 {[%clk 0:01:11]} Qg4 {[%clk 0:00:53]} 41. Be2
{[%clk 0:00:36]} Qxf5 {[%clk 0:00:32]} 42. Bd1 {[%clk 0:00:32]} Ng5
{[%clk 0:00:19]} 43. Qh4+ {[%clk 0:00:27]} Kg7 {[%clk 0:00:28]} 44. Re7+
{[%clk 0:00:33]} Kf8 {[%clk 0:00:17]} 45. Rxc7 {[%clk 0:00:37]} Qb1
{[%clk 0:00:18]} 46. Qe1 {[%clk 0:00:27]} Ne4 {[%clk 0:00:25]} 47. Rc8+
{[%clk 0:00:27]} Kg7 {[%clk 0:00:31]} 48. Rc7+ {[%clk 0:00:33]} Kf8
{[%clk 0:00:40]} 49. Rc8+ {[%clk 0:00:27]} Kg7 {[%clk 0:00:49]} 50. Rc7+
{[%clk 0:00:33]} Kf8 {[%clk 0:00:59]} 51. Rc8+ {[%clk 0:00:22]} Kg7
{[%clk 0:01:08]} 52. Rc7+ {[%clk 0:00:27]} Kf8 {[%clk 0:01:17]} 53. Rf7+
{[%clk 0:00:18]} Ke8 {[%clk 0:01:26]} 54. Rxf6 Qxd1 {[%clk 0:00:25]} 55. Re6+
{[%clk 0:00:22]} Kd7 {[%clk 0:00:33]} 56. Rxe4 {[%clk 0:00:28]} Qc2
{[%clk 0:00:30]} 57. Re7+ {[%clk 0:00:28]} Kd8 {[%clk 0:00:33]} 58. Re2
{[%clk 0:00:33]} Qg6 {[%clk 0:00:31]} 59. Rf2 {[%clk 0:00:21]} Qg4
{[%clk 0:00:21]} 60. Qf1 {[%clk 0:00:21]} Qg7 {[%clk 0:00:18]} 61. Rxf4
{[%clk 0:00:22]} Qxc3 {[%clk 0:00:27]} 62. h3 {[%clk 0:00:23]} Re8
{[%clk 0:00:16]} 63. Rf8 {[%clk 0:00:29]} Rxf8 {[%clk 0:00:24]} 64. Qxf8+ Kd7 65.
Qf7+ {[%clk 0:00:44]} Kd8 {[%clk 0:00:43]} 66. Qf8+ {[%clk 0:00:25]} Kd7
{[%clk 0:00:52]} 67. Qf1 {[%clk 0:00:41]} Qg3 {[%clk 0:00:45]} 68. Qf7+
{[%clk 0:00:38]} Kc8 {[%clk 0:00:39]} 69. Qf3 {[%clk 0:00:35]} Qe1+
{[%clk 0:00:37]} 70. Kh2 {[%clk 0:00:44]} Kb7 {[%clk 0:00:41]} 71. Qg3
{[%clk 0:00:49]} Qb4 {[%clk 0:00:39]} 72. Qf4 {[%clk 0:00:48]} b5
{[%clk 0:00:39]} 73. Qf7+ {[%clk 0:00:53]} Kb6 {[%clk 0:00:48]} 74. Qf2+
{[%clk 0:00:58]} Kb7 {[%clk 0:00:37]} 75. cxb5 {[%clk 0:01:01]} Qxb5
{[%clk 0:00:45]} 76. Qf3 {[%clk 0:01:07]} Qc5 {[%clk 0:00:38]} 77. h4
{[%clk 0:01:10]} Qd4 {[%clk 0:00:47]} 78. Kh3 {[%clk 0:01:14]} a5
{[%clk 0:00:41]} 79. h5 {[%clk 0:01:19]} a4 {[%clk 0:00:46]} 80. g4
{[%clk 0:01:17]} Qd2 {[%clk 0:00:32]} 81. a3 {[%clk 0:01:19]} Kb6
{[%clk 0:00:26]} 82. Kg3 {[%clk 0:01:24]} Kb7 {[%clk 0:00:29]} 83. Kh4
{[%clk 0:01:19]} Qe1+ {[%clk 0:00:32]} 84. Kg5 {[%clk 0:01:20]} Qe5+
{[%clk 0:00:27]} 85. Kg6 {[%clk 0:01:25]} Kb6 {[%clk 0:00:34]} 86. h6
{[%clk 0:01:11]} Qe8+ {[%clk 0:00:43]} 87. Qf7 {[%clk 0:00:37]} Qe4+
{[%clk 0:00:51]} 88. Qf5 {[%clk 0:00:45]} Qe8+ {[%clk 0:00:51]} 89. Kg5
{[%clk 0:00:42]} Qe3+ {[%clk 0:00:49]} 90. Kh5 {[%clk 0:00:44]} Qxa3
{[%clk 0:00:42]} 91. Qf2+ {[%clk 0:00:40]} Kb7 {[%clk 0:00:37]} 92. Qf7+
{[%clk 0:00:34]} Kb6 {[%clk 0:00:46]} 93. Qf2+ {[%clk 0:00:35]} Kb7
{[%clk 0:00:56]} 94. h7 {[%clk 0:00:34]} Qc3 {[%clk 0:00:20]} 95. Kg6
{[%clk 0:00:23]} a3 {[%clk 0:00:27]} 96. Qf7+ {[%clk 0:00:30]} Kb6
{[%clk 0:00:33]} 97. Qf6 {[%clk 0:00:38]} Qxf6+ {[%clk 0:00:39]} 98. Kxf6
{[%clk 0:00:36]} a2 {[%clk 0:00:48]} 99. Kg7 {[%clk 0:00:39]} a1=Q+
{[%clk 0:00:56]} 100. Kg8 {[%clk 0:00:47]} Qa8+ {[%clk 0:01:02]} 101. Kg7
{[%clk 0:00:55]} Qb7+ {[%clk 0:01:07]} 102. Kh6 {[%clk 0:00:16]} Qc8
{[%clk 0:01:08]} 103. g5 {[%clk 0:00:24]} Qf8+ {[%clk 0:01:15]} 0-1

[Event "Team Championship of Russia (rapid)"]
[Site "Sochi"]
[Date "2015.05.08"]
[Round "2.13"]
[White "Kiriakov, Petr"]
[Black "Sjugirov, Sanan"]
[Result "0-1"]
[LiveChessVersion "1.4.4"]
[BlackElo "2721"]
[WhiteElo "2281"]
[BlackTeam "Zhiguli"]

1. d4 {[%clk 0:15:16]} Nf6 {[%clk 0:15:15]} 2. c4 {[%clk 0:15:25]} e6
{[%clk 0:15:23]} 3. Nc3 {[%clk 0:15:34]} Bb4 {[%clk 0:15:32]} 4. Qc2
{[%clk 0:15:43]} O-O {[%clk 0:15:09]} 5. a3 {[%clk 0:15:52]} Bxc3+
{[%clk 0:15:17]} 6. Qxc3 {[%clk 0:16:01]} d5 {[%clk 0:15:17]} 7. cxd5
{[%clk 0:15:09]} Ne4 {[%clk 0:15:24]} 8. Qb3 {[%clk 0:14:46]} exd5
{[%clk 0:15:29]} 9. Nf3 {[%clk 0:14:21]} c5 {[%clk 0:15:21]} 10. dxc5
{[%clk 0:14:17]} Na6 {[%clk 0:12:47]} 11. e3 {[%clk 0:10:40]} Naxc5
{[%clk 0:12:55]} 12. Qd1 {[%clk 0:10:47]} Bd7 {[%clk 0:13:02]} 13. Nd4
{[%clk 0:09:49]} Ba4 {[%clk 0:11:59]} 14. Qf3 {[%clk 0:05:56]} Nb3
{[%clk 0:12:02]} 15. Nxb3 {[%clk 0:06:03]} Bxb3 {[%clk 0:12:11]} 16. Bd3
{[%clk 0:05:23]} Qa5+ {[%clk 0:12:19]} 17. Ke2 {[%clk 0:05:32]} Rac8
{[%clk 0:12:21]} 18. Qf5 {[%clk 0:03:32]} Bc2 {[%clk 0:12:25]} 0-1

[Event "Team Championship of Russia (rapid)"]
[Site "Sochi"]
[Date "2015.05.08"]
[Round "2.14"]
[White "Bukavshin, Ivan"]
[Black "Zablotsky, Sergei"]
[Result "1-0"]
[LiveChessVersion "1.4.4"]
[BlackElo "2297"]
[WhiteElo "2667"]
[WhiteTeam "Zhiguli"]

1. d4 {[%clk 0:15:18]} d6 {[%clk 0:15:10]} 2. Nf3 {[%clk 0:15:23]} Nf6
{[%clk 0:15:12]} 3. c4 {[%clk 0:15:27]} g6 {[%clk 0:15:19]} 4. Nc3
{[%clk 0:15:35]} Bf5 {[%clk 0:15:28]} 5. d5 {[%clk 0:14:35]} Bg7 {[%clk 0:15:33]}
6. Nd4 {[%clk 0:14:40]} Bd7 {[%clk 0:15:39]} 7. e4 {[%clk 0:14:36]} O-O
{[%clk 0:15:39]} 8. Be2 {[%clk 0:14:33]} c5 {[%clk 0:15:35]} 9. Nc2
{[%clk 0:13:53]} Na6 {[%clk 0:15:41]} 10. O-O {[%clk 0:13:55]} Nc7
{[%clk 0:15:49]} 11. Bf4 {[%clk 0:13:54]} a6 {[%clk 0:15:56]} 12. a4
{[%clk 0:13:52]} b5 {[%clk 0:15:28]} 13. axb5 {[%clk 0:13:40]} axb5
{[%clk 0:15:36]} 14. cxb5 {[%clk 0:13:47]} Rb8 {[%clk 0:15:11]} 15. Na3
{[%clk 0:13:51]} Rb7 {[%clk 0:14:48]} 16. Qd2 {[%clk 0:13:52]} Qb8
{[%clk 0:14:23]} 17. f3 {[%clk 0:13:43]} Rc8 {[%clk 0:14:18]} 18. Bh6
{[%clk 0:13:41]} Bh8 {[%clk 0:13:48]} 19. Kh1 {[%clk 0:13:31]} Nfe8
{[%clk 0:13:39]} 20. Bg5 {[%clk 0:13:10]} Bxc3 {[%clk 0:13:32]} 21. bxc3
{[%clk 0:13:08]} f6 {[%clk 0:13:39]} 22. Bh4 {[%clk 0:12:56]} Nxb5
{[%clk 0:13:47]} 23. Nc4 {[%clk 0:12:58]} Qc7 {[%clk 0:13:05]} 24. f4
{[%clk 0:11:45]} Ra7 {[%clk 0:11:54]} 25. e5 {[%clk 0:11:15]} Rca8
{[%clk 0:11:38]} 26. Rxa7 {[%clk 0:10:46]} Qxa7 {[%clk 0:11:45]} 27. e6
{[%clk 0:09:14]} Bc8 {[%clk 0:11:52]} 28. f5 {[%clk 0:09:17]} gxf5
{[%clk 0:09:25]} 29. Ne3 {[%clk 0:09:17]} f4 {[%clk 0:04:49]} 30. Nf5
{[%clk 0:09:13]} c4 {[%clk 0:04:48]} 31. Qxf4 {[%clk 0:09:24]} Nxc3
{[%clk 0:04:54]} 32. Qg3+ {[%clk 0:09:31]} 1-0